Vytváranie sekvencií vzorov pomocou vzťahov identifikovaných cez stochastický proces

Guardado en:
Detalles Bibliográficos
Autor principal: Beňovská, Katarína (Autor)
Otros Autores: Matovič, Viktor (Orientador)
Formato: Manuscrito Libro
Lenguaje:eslovaco
Publicado: 2025
Materias:
Acceso en línea:http://is.stuba.sk/zp/portal_zp.pl?podrobnosti=184072
Etiquetas: Agregar Etiqueta
Sin Etiquetas, Sea el primero en etiquetar este registro!

MARC

LEADER 00000ntm a22000003a 4500
001 stuzp105753
003 SK-STU
005 20250607211458.9
007 ta
008 150427s2015----xo-----f-mn---000-0-slo-d
040 |a STU  |b slo 
041 0 |a slo 
100 1 |a Beňovská, Katarína  |u 070200  |4 aut  |U FIIT Fakulta informatiky a informačných technológií  |T FIIT Ústav informatiky, informačných systémov a softvérového inžinierstva  |X 102862  |U I200  |Y 179  |7 102862 
242 0 1 |a Establishing Patterns Sequences Using Relationships Identified Through a Stochastic Process  |y eng 
245 1 0 |a Vytváranie sekvencií vzorov pomocou vzťahov identifikovaných cez stochastický proces 
260 |c 2025 
650 4 |a Stochastic Process  |2 eng 
650 4 |a Pattern Sequence  |2 eng 
650 4 |a Security Pattern  |2 eng 
650 4 |a Sekvencia vzorov  |2 slo 
650 4 |a Stochastický proces  |2 slo 
650 4 |a Bezpečnostný vzor  |2 slo 
700 1 |a Matovič, Viktor  |u 070200  |k Z3  |4 ths  |U FIIT Fakulta informatiky a informačných technológií  |T FIIT Ústav informatiky, informačných systémov a softvérového inžinierstva  |X 92694  |U I200  |Y 179  |7 92694 
856 4 |u http://is.stuba.sk/zp/portal_zp.pl?podrobnosti=184072